[Event "EU-chT 24th"]
[Site "Budva"]
[Date "2023.11.14"]
[Round "4.4"]
[White "Balog, Imre1"]
[Black "Kjartansson, Gudmundur"]
[Result "1/2-1/2"]
[WhiteElo "2617"]
[BlackElo "2449"]
[PlyCount "188"]
[EventDate "2023.11.11"]
[EventType "team-swiss"]
[EventRounds "9"]
[EventCountry "MNE"]
[SourceTitle "CB47_2023"]
[SourceDate "2023.11.22"]
[SourceVersion "1"]
[SourceVersionDate "2023.11.22"]
[SourceQuality "1"]
[WhiteTeam "Hungary"]
[BlackTeam "Iceland"]
[WhiteTeamCountry "HUN"]
[BlackTeamCountry "ISL"]

1. d4 Nf6 2. Nf3 d5 3. Bf4 e6 4. e3 Bd6 5. c3 0-0 6. Bg3 c5 7. Nbd2 Qc7 8. dxc5 Qxc5 9. Bd3 Nbd7 10. Qe2 e5 11. e4 dxe4 12. Bxe4 Bc7 13. Bc2 a5 14. 0-0 Re8 15. Rfe1 h6 16. Rad1 Ra6 17. Qc4 Rc6 18. Qxc5 Rxc5 19. h3 g6 20. a4 b6 21. Bd3 Bb7 22. Bb5 Re7 23. Nc4 Bxf3 24. gxf3 Kf8 25. Re2 Rd5 26. Rxd5 Nxd5 27. Bxd7 Rxd7 28. Nxe5 Bxe5 29. Bxe5 f6 30. Bd4 Kf7 31. h4 h5 32. Re1 Rd6 33. Kh2 Nf4 34. Rb1 Nd3 35. Kg3 Ke6 36. Be3 Nc5 37. Ra1 Nd3 38. b3 Rc6 39. Bd4 Kf5 40. Ra2 g5 41. hxg5 fxg5 42. Re2 h4+ 43. Kh2 Nc5 44. Bxc5 bxc5 45. Re4 Rb6 46. Rc4 Rxb3 47. Kg2 Ra3 48. Rxc5+ Kf4 49. Rxa5 Rxc3 50. Ra8 Ra3 51. a5 Kf5 52. Ra6 Ra2 53. Ra7 Ra3 54. Ra8 Kf6 55. Rf8+ Kg6 56. Rg8+ Kf6 57. Ra8 Kf5 58. a6 Kg6 59. Kg1 Kg7 60. Ra7+ Kg6 61. Kg2 Kf6 62. Ra8 Kg6 63. Kh2 Kg7 64. a7 Kh7 65. Kg1 Kg7 66. Kg2 Kh7 67. f4 gxf4 68. Rf8 h3+ 69. Kh2 Rxa7 70. Kxh3 Kg6 71. Kg4 Ra2 72. Rxf4 Rc2 73. Rf8 Kg7 74. Rf4 Kg6 75. Kg3 Rc3+ 76. f3 Kg5 77. Rg4+ Kf5 78. Ra4 Rc5 79. Ra8 Rb5 80. Rh8 Kg5 81. Re8 Kf5 82. Ra8 Kg5 83. Rf8 Ra5 84. Rh8 Rb5 85. f4+ Kg6 86. Kg4 Kf6 87. Rh6+ Kg7 88. Rd6 Kf7 89. Rc6 Ra5 90. Rb6 Rc5 91. f5 Rc1 92. Rb7+ Kf6 93. Rb6+ Kf7 94. Rb7+ Kf6 1/2-1/2

[Event "ISL-chT Kvika 2324"]
[Site "Reykjavik"]
[Date "2023.10.14"]
[Round "3.3"]
[White "Kjartansson, Gudmundur"]
[Black "Stefansson, Hannes"]
[Result "1-0"]
[WhiteElo "2453"]
[BlackElo "2529"]
[PlyCount "129"]
[EventDate "2023.10.12"]
[EventType "team-tourn"]
[EventRounds "10"]
[EventCountry "ISL"]
[SourceTitle "Mega2024 Update 01"]
[Source "Chessbase"]
[SourceDate "2023.11.12"]
[SourceVersion "1"]
[SourceVersionDate "2023.11.12"]
[SourceQuality "1"]
[WhiteTeam "Taflfelag Reykjavikur"]
[BlackTeam "Taflfelag Gardjabaejar"]
[WhiteTeamCountry "ISL"]
[BlackTeamCountry "ISL"]

1. Nf3 Nf6 2. g3 d5 3. Bg2 g6 4. c4 dxc4 5. Qa4+ Nfd7 6. Qxc4 Bg7 7. Nc3 Nb6 8. Qh4 N8d7 9. d3 h6 10. 0-0 a5 11. Rd1 c6 12. Be3 Qc7 13. Rac1 Qd6 14. Ne4 Qd5 15. Nc3 Qd6 16. Ne4 Qd5 17. b3 g5 18. Qh5 Ra6 19. h4 Qe6 20. Nd4 Qe5 21. hxg5 hxg5 22. Qxg5 Nd5 23. Nf5 Nxe3 24. Nxg7+ Kf8 25. Ne6+ Qxe6 26. Qxe3 a4 27. Qd4 Qh6 28. b4 Qh2+ 29. Kf1 c5 30. bxc5 Rah6 31. Ng5 Qh5 32. Nf3 Nf6 33. c6 bxc6 34. Rxc6 Qf5 35. Ke1 Bd7 36. Rc5 Qe6 37. Qc4 Qb6 38. Ng5 e6 39. Rc1 Qb2 40. Qc2 Qa3 41. Rc7 Kg7 42. Kf1 Rh5 43. Ne4 Nd5 44. Rxd7 Rh1+ 45. Bxh1 Rxh1+ 46. Kg2 Qxc1 47. Qxc1 Rxc1 48. Kf3 Kg6 49. Ra7 f5 50. Nd6 Nc3 51. a3 Ra1 52. Nc4 Ra2 53. Ra6 Rxe2 54. Rxa4 e5 55. Ra6+ Kg5 56. Ne3 Ra2 57. Ra5 Kf6 58. Ra6+ Kg5 59. Ra5 Kf6 60. g4 f4 61. Nd5+ Nxd5 62. Rxd5 Rxa3 63. Ke4 Ra2 64. d4 exd4 65. f3 1-0

[Event "Titled Tuesday intern op 19th Sep Early"]
[Site "Chess.com INT"]
[Date "2023.09.19"]
[Round "1"]
[White "Batbold, Nyamsuren"]
[Black "Kjartansson, Gudmundur"]
[Result "1-0"]
[WhiteElo "2143"]
[BlackElo "2453"]
[PlyCount "59"]
[EventDate "2023.09.19"]
[EventType "swiss (blitz)"]
[EventRounds "11"]
[EventCountry "USA"]
[SourceTitle "EXT 2024"]
[Source "ChessBase"]
[SourceDate "2023.10.10"]
[SourceVersion "1"]
[SourceVersionDate "2023.10.10"]
[SourceQuality "1"]

1. d4 d5 2. c4 c6 3. Nf3 Nf6 4. cxd5 cxd5 5. Nc3 Nc6 6. Bg5 Ne4 7. Bh4 Bf5 8. e3 e6 9. Bb5 Bb4 10. Qb3 Qa5 11. 0-0 0-0 12. Bxc6 bxc6 13. Nxe4 Bxe4 14. Ne5 c5 15. a3 Bd2 16. dxc5 Rfb8 17. Qa2 Qxc5 18. Nd7 Qc2 19. Nxb8 Rxb8 20. b4 Qxa2 21. Rxa2 Bc3 22. Rc1 d4 23. exd4 Bxd4 24. Rd2 e5 25. Be7 f5 26. Bd6 Rd8 27. Bxe5 Bb6 28. Rxd8+ Bxd8 29. Rc8 Kf7 30. Rxd8 1-0

[Event "Titled Tuesday intern op 19th Sep Early"]
[Site "Chess.com INT"]
[Date "2023.09.19"]
[Round "2"]
[White "Kjartansson, Gudmundur"]
[Black "Khromkin, Andrey"]
[Result "1-0"]
[WhiteElo "2453"]
[BlackElo "2191"]
[PlyCount "79"]
[EventDate "2023.09.19"]
[EventType "swiss (blitz)"]
[EventRounds "11"]
[EventCountry "USA"]
[SourceTitle "EXT 2024"]
[Source "ChessBase"]
[SourceDate "2023.10.10"]
[SourceVersion "1"]
[SourceVersionDate "2023.10.10"]
[SourceQuality "1"]

1. e4 c5 2. Nf3 Nc6 3. Bb5 g6 4. Bxc6 dxc6 5. d3 Bg7 6. h3 Nh6 7. Nc3 f6 8. Be3 b6 9. Qd2 Nf7 10. a3 e5 11. b4 Be6 12. bxc5 0-0 13. 0-0 f5 14. cxb6 axb6 15. Ng5 Nxg5 16. Bxg5 Qd7 17. Be3 c5 18. f3 f4 19. Bf2 Ra6 20. a4 Rfa8 21. Rab1 g5 22. Rb5 Bf6 23. Rfb1 Bd8 24. Qe1 h5 25. Kf1 R8a7 26. Ke2 Qf7 27. R1b2 Bd7 28. Qb1 Bxb5 29. Rxb5 g4 30. hxg4 hxg4 31. Be1 Qh5 32. Qb3+ Kh8 33. Qe6 Rg7 34. Kd2 gxf3 35. gxf3 Qxf3 36. Qe8+ Rg8 37. Qxe5+ Kh7 38. Nd5 Rg2+ 39. Kc3 Qe2 40. Qf5+ 1-0

[Event "Titled Tuesday intern op 19th Sep Early"]
[Site "Chess.com INT"]
[Date "2023.09.19"]
[Round "10"]
[White "Kjartansson, Gudmundur"]
[Black "Shubenkova, Veronika"]
[Result "1-0"]
[WhiteElo "2453"]
[BlackElo "2008"]
[PlyCount "97"]
[EventDate "2023.09.19"]
[EventType "swiss (blitz)"]
[EventRounds "11"]
[EventCountry "USA"]
[SourceTitle "EXT 2024"]
[Source "ChessBase"]
[SourceDate "2023.10.10"]
[SourceVersion "1"]
[SourceVersionDate "2023.10.10"]
[SourceQuality "1"]

1. d4 d5 2. Nf3 e6 3. c4 Nf6 4. Nc3 c6 5. Bg5 Be7 6. e3 0-0 7. Rc1 Nbd7 8. a3 Ne4 9. Bxe7 Qxe7 10. Nxe4 dxe4 11. Nd2 f5 12. Be2 Nf6 13. 0-0 Rd8 14. Qc2 e5 15. dxe5 Qxe5 16. b4 Be6 17. Nb3 Rd6 18. Rfd1 Rad8 19. Nd4 Bf7 20. c5 R6d7 21. b5 Bd5 22. bxc6 bxc6 23. Bc4 Rc7 24. h3 h6 25. Qc3 Bxc4 26. Qxc4+ Rd5 27. Qb4 Kh7 28. Qb8 Rcd7 29. Qxe5 Rxe5 30. Nxc6 Rxd1+ 31. Rxd1 Rxc5 32. Nxa7 Ra5 33. Nc6 Rxa3 34. Nd4 Ra5 35. Rb1 Rd5 36. Rb7 Re5 37. Kh2 h5 38. Kg3 Kh6 39. Kf4 Ra5 40. Nxf5+ Kh7 41. Rxg7+ Kh8 42. Rf7 Nd5+ 43. Kg5 Nc3 44. Kg6 Ra6+ 45. Kxh5 Nd1 46. Nh4 Ra2 47. Kh6 Rxf2 48. Ng6+ Kg8 49. Rg7# 1-0

[Event "Valencia Cuna op 4th"]
[Site "Valencia"]
[Date "2023.07.12"]
[Round "5"]
[White "Rey Martinez, Jaime"]
[Black "Kjartansson, Gudmundur"]
[Result "0-1"]
[WhiteElo "2361"]
[BlackElo "2444"]
[PlyCount "112"]
[EventDate "2023.07.08"]
[EventType "swiss"]
[EventRounds "9"]
[EventCountry "ESP"]
[SourceTitle "CBM 215 Extra"]
[Source "ChessBase"]
[SourceDate "2023.09.30"]
[SourceVersion "1"]
[SourceVersionDate "2023.09.30"]
[SourceQuality "1"]

1. e4 e5 2. Nf3 Nc6 3. Nc3 Nf6 4. Bb5 Nd4 5. 0-0 Nxb5 6. Nxb5 c6 7. Nc3 d6 8. d4 Qc7 9. a4 Be7 10. h3 0-0 11. Qd3 h6 12. b3 a5 13. Bb2 Re8 14. Rfe1 Nh7 15. Rad1 Ng5 16. d5 Nxf3+ 17. Qxf3 Rf8 18. Qd3 c5 19. f4 exf4 20. e5 Bh4 21. Nb5 Qb6 22. Rf1 c4+ 23. Qd4 Qxd4+ 24. Bxd4 dxe5 25. Bxe5 cxb3 26. cxb3 Bd7 27. Bxf4 Bxb5 28. axb5 Bd8 29. Be3 Re8 30. Bf2 b6 31. Rc1 Ra7 32. Rc6 Rd7 33. d6 Re5 34. Bxb6 Rxb5 35. Bxd8 Rxd8 36. Ra1 Rxb3 37. Rxa5 Rd3 38. Raa6 Rd7 39. Kf2 f6 40. Ke2 Rd5 41. Ke3 Kf7 42. Ke4 Rd2 43. g4 g6 44. h4 Ke6 45. Rc8 R2xd6 46. Rxd6+ Rxd6 47. Rh8 f5+ 48. Ke3 Ke5 49. Rxh6 f4+ 50. Ke2 Ke4 51. Rh8 f3+ 52. Ke1 Kf4 53. h5 g5 54. h6 Kg3 55. h7 f2+ 56. Ke2 Re6+ 0-1

[Event "Munich Pfingst op-A 1st"]
[Site "Munich"]
[Date "2023.06.05"]
[Round "8"]
[White "Korneev, Oleg"]
[Black "Kjartansson, Gudmundur"]
[Result "1-0"]
[WhiteElo "2457"]
[BlackElo "2402"]
[PlyCount "87"]
[EventDate "2023.05.31"]
[EventType "swiss"]
[EventRounds "9"]
[EventCountry "GER"]
[SourceTitle "EXT 2024"]
[Source "ChessBase"]
[SourceDate "2023.10.10"]
[SourceVersion "1"]
[SourceVersionDate "2023.10.10"]
[SourceQuality "1"]

1. e4 e5 2. Nf3 Nc6 3. Bb5 Nf6 4. 0-0 Nxe4 5. d4 Nd6 6. Bxc6 dxc6 7. dxe5 Nf5 8. Qxd8+ Kxd8 9. h3 Ke8 10. Nc3 h5 11. Bf4 Be7 12. Rad1 Be6 13. Ng5 Rh6 14. Rfe1 h4 15. Kh2 a5 16. g4 hxg3+ 17. fxg3 Bb4 18. a3 Bxc3 19. bxc3 Ne7 20. Rd4 c5 21. Rd2 Rd8 22. Rxd8+ Kxd8 23. h4 Ke8 24. Ne4 Rh8 25. Nxc5 b6 26. Nxe6 fxe6 27. Kh3 Nd5 28. Bd2 Rf8 29. Kg2 b5 30. Rb1 c6 31. c4 bxc4 32. Rb8+ Kf7 33. Rxf8+ Kxf8 34. Bxa5 Ne3+ 35. Kf2 Nxc2 36. a4 Nd4 37. Bb6 Nb3 38. a5 c3 39. a6 c5 40. a7 c2 41. Bxc5+ Nxc5 42. a8Q+ Ke7 43. Qa7+ Nd7 44. Qc7 1-0

[Event "Munich Pfingst op-A 1st"]
[Site "Munich"]
[Date "2023.06.03"]
[Round "5"]
[White "Kjartansson, Gudmundur"]
[Black "Shyam, Sundar M"]
[Result "1-0"]
[WhiteElo "2402"]
[BlackElo "2502"]
[PlyCount "75"]
[EventDate "2023.05.31"]
[EventType "swiss"]
[EventRounds "9"]
[EventCountry "GER"]
[SourceTitle "CBM 214 Extra"]
[Source "ChessBase"]
[SourceDate "2023.07.31"]
[SourceVersion "1"]
[SourceVersionDate "2023.07.31"]
[SourceQuality "1"]

1. d4 Nf6 2. c4 e6 3. Nf3 Bb4+ 4. Nbd2 0-0 5. a3 Be7 6. e4 d6 7. Bd3 c5 8. d5 e5 9. Nf1 Na6 10. Bd2 Ne8 11. Qc2 Rb8 12. Ne3 Nec7 13. h4 b5 14. b3 bxc4 15. bxc4 g6 16. g4 Ne8 17. Ke2 Nf6 18. Nh2 Bd7 19. h5 Rb7 20. Rag1 Qb6 21. Bc1 Qa5 22. Nf3 Ba4 23. Qd2 Qxd2+ 24. Kxd2 Rfb8 25. Rh2 Bd8 26. hxg6 fxg6 27. Ke2 Ba5 28. Ng5 Bc3 29. Ne6 Bb2 30. Bd2 Bd4 31. Nf5 Rb2 32. g5 Nh5 33. Rxh5 gxh5 34. g6 hxg6 35. Rxg6+ Kh8 36. Rh6+ Kg8 37. Rg6+ Kh8 38. Ne7 1-0

[Event "Reykjavik op"]
[Site "Reykjavik"]
[Date "2023.04.01"]
[Round "6"]
[White "Goh, Jinghan Cameron"]
[Black "Kjartansson, Gudmundur"]
[Result "0-1"]
[WhiteElo "1899"]
[BlackElo "2402"]
[PlyCount "64"]
[EventDate "2023.03.29"]
[EventType "swiss"]
[EventRounds "9"]
[EventCountry "ISL"]
[SourceTitle "CBM 213 Extra"]
[Source "ChessBase"]
[SourceDate "2023.05.31"]
[SourceVersion "1"]
[SourceVersionDate "2023.05.31"]
[SourceQuality "1"]

1. d4 Nf6 2. Nc3 d5 3. Bf4 c5 4. e3 cxd4 5. exd4 Bg4 6. f3 Bd7 7. Nb5 Bxb5 8. Bxb5+ Nc6 9. Qd3 e6 10. Ne2 Bd6 11. c3 a6 12. Ba4 Qc7 13. Bxd6 Qxd6 14. 0-0 0-0 15. Rfe1 b5 16. Bc2 b4 17. a3 bxc3 18. Qxc3 Rfc8 19. Ba4 Ne7 20. Qd3 Qb6 21. Kf1 Nf5 22. g4 Nd6 23. b3 g6 24. Rec1 h5 25. Nf4 hxg4 26. Nxe6 gxf3 27. Ng5 Nde4 28. Nxf3 Qe6 29. Qe2 Nh5 30. Kg1 Nf4 31. Qe3 Qg4+ 32. Kf1 Qh3+ 0-1

[Event "EU-ch Rapid"]
[Site "Katowice"]
[Date "2022.12.18"]
[Round "10"]
[White "Kjartansson, Gudmundur"]
[Black "Chyzy, Jakub"]
[Result "0-1"]
[WhiteElo "2453"]
[BlackElo "2247"]
[PlyCount "164"]
[EventDate "2022.12.17"]
[EventType "swiss (rapid)"]
[EventRounds "11"]
[EventCountry "POL"]
[SourceTitle "CBM 211 Extra"]
[Source "ChessBase"]
[SourceDate "2023.01.31"]
[SourceVersion "1"]
[SourceVersionDate "2023.01.31"]
[SourceQuality "1"]

1. c4 e6 2. Nc3 d5 3. d4 Nf6 4. cxd5 exd5 5. Bg5 Be7 6. e3 Nbd7 7. Bd3 0-0 8. Nge2 Re8 9. 0-0 Nf8 10. Qc2 Be6 11. Kh1 a6 12. Rad1 Rc8 13. Qb3 c5 14. Qxb7 c4 15. Bc2 Qa5 16. Bxf6 Rc7 17. Qxc7 Qxc7 18. Bxe7 Qxe7 19. e4 dxe4 20. Bxe4 Rb8 21. d5 Bd7 22. Rd2 f5 23. Bf3 Kh8 24. Nd4 Qg5 25. Rfd1 Ng6 26. Nc6 Re8 27. g3 Re1+ 28. Rxe1 Qxd2 29. Re2 Qc1+ 30. Kg2 f4 31. Nb8 fxg3 32. hxg3 Qg5 33. Nxd7 Nf4+ 34. Kf1 Nxe2 35. Bxe2 Qc1+ 36. Nd1 Qh6 37. Bg4 Qh1+ 38. Ke2 Qxd5 39. Ne3 Qd3+ 40. Kf3 Qd6 41. Ke4 Qb4 42. a3 Qb7+ 43. Kd4 Qxb2+ 44. Kxc4 Qxf2 45. Kd4 Qxg3 46. Nc5 g6 47. Ne4 Qg1 48. a4 a5 49. Kd3 Qb1+ 50. Nc2 Qb3+ 51. Nc3 h5 52. Nd4 Qb6 53. Be6 Kg7 54. Ne4 Qb1+ 55. Ke3 Qc1+ 56. Ke2 h4 57. Nf3 Qc2+ 58. Ke3 Qxa4 59. Nxh4 Qa3+ 60. Kf4 Qe7 61. Ng5 a4 62. Nhf3 a3 63. Bc4 Qc7+ 64. Ne5 Qxc4+ 65. Nxc4 a2 66. Nd6 a1Q 67. Nde4 Qb2 68. Ne6+ Kf7 69. N6g5+ Kg7 70. Ne6+ Kh6 71. N6g5 Qc1+ 72. Kg4 Qg1+ 73. Kh4 Qh1+ 74. Kg4 Qh5+ 75. Kg3 Qxg5+ 76. Nxg5 Kxg5 77. Kf3 Kh4 78. Kf4 g5+ 79. Kf3 Kh3 80. Kf2 g4 81. Kf1 Kh2 82. Kf2 g3+ 0-1

[Event "EU-ch Rapid"]
[Site "Katowice"]
[Date "2022.12.18"]
[Round "11"]
[White "Lach, Aleksandra"]
[Black "Kjartansson, Gudmundur"]
[Result "1/2-1/2"]
[WhiteElo "2191"]
[BlackElo "2453"]
[PlyCount "74"]
[EventDate "2022.12.17"]
[EventType "swiss (rapid)"]
[EventRounds "11"]
[EventCountry "POL"]
[SourceTitle "CBM 211 Extra"]
[Source "ChessBase"]
[SourceDate "2023.01.31"]
[SourceVersion "1"]
[SourceVersionDate "2023.01.31"]
[SourceQuality "1"]

1. e4 c5 2. Nc3 Nc6 3. Bb5 Nd4 4. Nf3 a6 5. Bd3 Nxf3+ 6. Qxf3 d6 7. 0-0 Nf6 8. Re1 e5 9. a4 Be6 10. b3 Be7 11. Bb2 0-0 12. h3 h6 13. Nd5 Nxd5 14. exd5 Bd7 15. Bf5 Qc8 16. Bxd7 Qxd7 17. Qg3 Bg5 18. Rad1 b5 19. a5 Qf5 20. d3 b4 21. Re4 Qh7 22. h4 Bd8 23. f4 f6 24. Qh3 Kh8 25. Qd7 f5 26. Re2 Bxh4 27. Qxd6 e4 28. Qxc5 Qg6 29. Qc6 Qh5 30. g3 Kh7 31. Rdd2 Bxg3 32. Rg2 Qf3 33. Rxg3 Qxg3+ 34. Rg2 Qe1+ 35. Kh2 Qh4+ 36. Kg1 Qe1+ 37. Kh2 Qh4+ 1/2-1/2

[Event "EU-ch Rapid"]
[Site "Katowice"]
[Date "2022.12.17"]
[Round "1"]
[White "Maton, Emily"]
[Black "Kjartansson, Gudmundur"]
[Result "0-1"]
[WhiteElo "1695"]
[BlackElo "2453"]
[PlyCount "88"]
[EventDate "2022.12.17"]
[EventType "swiss (rapid)"]
[EventRounds "11"]
[EventCountry "POL"]
[SourceTitle "CBM 211 Extra"]
[Source "ChessBase"]
[SourceDate "2023.01.31"]
[SourceVersion "1"]
[SourceVersionDate "2023.01.31"]
[SourceQuality "1"]

1. c4 e5 2. Nc3 Nc6 3. g3 Bc5 4. e3 a6 5. Bg2 d6 6. Nge2 Ba7 7. a3 Be6 8. b3 Qd7 9. 0-0 h5 10. d4 Bh3 11. dxe5 Bxg2 12. Kxg2 h4 13. Rh1 h3+ 14. Kf1 Nxe5 15. Nd4 Nf6 16. Nd5 Nxd5 17. cxd5 Bxd4 18. exd4 Qb5+ 19. Qe2 Qxd5 20. Rg1 Qxd4 21. Bb2 Qg4 22. Bxe5 Qxe2+ 23. Kxe2 dxe5 24. Rac1 0-0-0 25. Rgd1 Rxd1 26. Rxd1 Rd8 27. Rc1 Rd4 28. Ke3 g5 29. f3 Kd7 30. g4 Kd6 31. Rg1 c5 32. Rc1 b5 33. Rc3 f6 34. Kf2 c4 35. bxc4 bxc4 36. Ke3 Kd5 37. Ke2 e4 38. fxe4+ Rxe4+ 39. Kf3 Rf4+ 40. Kg3 Kd4 41. Rc1 c3 42. Rd1+ Ke3 43. Rd8 c2 44. Rc8 Kd3 0-1